• 首页
  • 本馆介绍
  • 公告通知
  • 最新文献
  • 馆藏检索
  • 电子资源
  • 读者导购
  • 参考咨询
  • 我的图书馆
  • 登录
  • 详细信息显示
  • 放入我的书架
  • 预约/预借图书
  • 作者相关作品
  • 分类相关作品
  • 丛书相关作品
  • 出版社相关作品

书目信息

  • 表格格式
  • 工作单格式
  • 卡片格式
题名:
岩体力学
    
 
作者: 王会敏 , 高永利 , 李英 主编
分册:  
出版信息: 长春   吉林大学出版社  2015
页数: 265页
开本: 26cm
丛书名:
单 册:
中图分类: TU45
科图分类:
主题词: 岩石力学--高等学校--教材
电子资源:
ISBN: 978-7-5677-2653-6
000 00867nam0 2200253 450
001 012015000327
005 20150911083518.62
010    @a978-7-5677-2653-6@dCNY38.00
100    @a20150712d2015 em y0chiy50 ea
101 0  @achi
102    @aCN@b220000
105    @ay z 000yy
106    @ar
200 1  @a岩体力学@Ayan ti li xue@f王会敏,高永利,李英主编
210    @a长春@c吉林大学出版社@d2015
215    @a265页@d26cm
330    @a本书共分十一章,介绍了岩体力学的学科发展和工程建设有关的岩体的物理力学性质;岩体结构的概念以及对工程建设的影响;岩体的本构关系及破坏的判定依据等。
606 0  @a岩石力学@x高等学校@j教材
690    @aTU45@v5
701  0 @a王会敏@Awang hui min@f(1972-)@4主编
701  0 @a高永利@Agao yong li@f(1981-)@4主编
701  0 @a李英@Ali ying@c(女,@f1981-)@4主编
801  0 @aCN@b碧洲教育@c20150716
905    @a10447@f4@dTU45@e682
    
    岩体力学/王会敏,高永利,李英主编.-长春:吉林大学出版社,2015
    265页;26cm
    
    
    ISBN 978-7-5677-2653-6:CNY38.00
    本书共分十一章,介绍了岩体力学的学科发展和工程建设有关的岩体的物理力学性质;岩体结构的概念以及对工程建设的影响;岩体的本构关系及破坏的判定依据等。
●
相关链接 在E读中查询图书 在五车中查询图书 在当当中查询图书 在豆瓣中查询图书


正题名:岩体力学     索取号:TU45/682         预约/预借

序号 登录号 条形码 馆藏地/架位号 状态 备注
1 0849733   208497330   第二样本阅览室/ [索取号:TU45/682] 在馆    
2 0849734   208497349   第三借阅区/ [索取号:TU45/682] 在馆    
3 0849735   208497358   第三借阅区/ [索取号:TU45/682] 在馆    
4 0849736   208497367   第三借阅区/ [索取号:TU45/682] 在馆    
唐山师范学院图书馆 欢迎您!
大连网信软件有限公司© 版权所有